Introduction to Continuum Mechanics (Record no. 609747)
[ view plain ]
| 000 -LEADER | |
|---|---|
| fixed length control field | 00461nam a22001577a 4500 |
| 020 ## - INTERNATIONAL STANDARD BOOK NUMBER | |
| International Standard Book Number | 9780750685603 |
| 040 ## - CATALOGING SOURCE | |
| Transcribing agency | NUST |
| 082 ## - DEWEY DECIMAL CLASSIFICATION NUMBER | |
| Classification number | 531 |
| Author Mark | LAI |
| 100 ## - MAIN ENTRY--PERSONAL NAME | |
| Personal name | Lai, W. Michael |
| 9 (RLIN) | 123616 |
| 110 ## - MAIN ENTRY--CORPORATE NAME | |
| Corporate name or jurisdiction name as entry element | Rubin, David Krempl, Erhard |
| 9 (RLIN) | 123617 |
| 245 ## - TITLE STATEMENT | |
| Title | Introduction to Continuum Mechanics |
| 250 ## - EDITION STATEMENT | |
| Edition statement | 4th Edition |
| 260 ## - PUBLICATION, DISTRIBUTION, ETC. | |
| Place of publication, distribution, etc. | Amsterdam: |
| Name of publisher, distributor, etc. | Butterworth-Heinemann/Elsevier, |
| Date of publication, distribution, etc. | 2010. |
| 650 ## - SUBJECT ADDED ENTRY--TOPICAL TERM | |
| Topical term or geographic name entry element | Introduction to Continuum Mechanics |
| 9 (RLIN) | 123618 |
| 942 ## - ADDED ENTRY ELEMENTS (KOHA) | |
| Source of classification or shelving scheme | |
| Koha item type | Text Books |
| Withdrawn status | Lost status | Source of classification or shelving scheme | Damaged status | Not for loan | Permanent Location | Current Location | Shelving location | Date acquired | Total Checkouts | Full call number | Barcode | Date last seen | Price effective from | Koha item type |
|---|---|---|---|---|---|---|---|---|---|---|---|---|---|---|
| College of Electrical & Mechanical Engineering (CEME) | College of Electrical & Mechanical Engineering (CEME) | Reference | 06/13/2024 | 531 LAI | CEME- 49662 | 06/13/2024 | 06/13/2024 | Text Books | ||||||
| College of Electrical & Mechanical Engineering (CEME) | College of Electrical & Mechanical Engineering (CEME) | Reference | 06/13/2024 | 531 LAI | SOF-49662 | 06/13/2024 | 06/13/2024 | Text Books |
